MARC details
| 000 -CABECERA |
| campo de control de longitud fija |
01379nam a2200301 a 4500 |
| 001 - NÚMERO DE CONTROL |
| campo de control |
000024733 |
| 005 - FECHA Y HORA DE LA ÚLTIMA TRANSACCIÓN |
| campo de control |
20250612104112.0 |
| 008 - DATOS DE LONGITUD FIJA--INFORMACIÓN GENERAL |
| campo de control de longitud fija |
110203s2000 mx ad r 001 0 spa d |
| 020 ## - NÚMERO INTERNACIONAL ESTÁNDAR DEL LIBRO |
| Número Internacional Estándar del Libro |
9681300890 |
| 040 ## - FUENTE DE LA CATALOGACIÓN |
| Centro catalogador/agencia de origen |
DO-SdBNP |
| Lengua de catalogación |
spa |
| Centro/agencia transcriptor |
BNPHU |
| 082 ## - NÚMERO DE LA CLASIFICACIÓN DECIMAL DEWEY |
| Número de clasificación |
158 /131.32 |
| Número de documento/Ítem |
S586m |
| 049 ## - FONDOS LOCALES (OCLC) |
| Fondos de biblioteca |
BNGR |
| 100 1# - ENTRADA PRINCIPAL--NOMBRE DE PERSONA |
| Nombre de persona |
Silva, José |
| 9 (RLIN) |
50742 |
| 245 13 - MENCIÓN DE TÍTULO |
| Título |
El método Silva de control mental / |
| Mención de responsabilidad, etc. |
José Silva , Philip Miele ; traducción Emilio E. Guzmán. |
| 250 ## - MENCIÓN DE EDICIÓN |
| Mención de edición |
11a ed. |
| 260 ## - PUBLICACIÓN, DISTRIBUCIÓN, ETC. |
| Lugar de publicación, distribución, etc. |
México, D. F. : |
| Nombre del editor, distribuidor, etc. |
Diana, |
| Fecha de publicación, distribución, etc. |
2000. |
| 300 ## - DESCRIPCIÓN FÍSICA |
| Extensión |
224 p. : |
| Otras características físicas |
il., diagrs. ; |
| Dimensiones |
21 cm. |
| 500 ## - NOTA GENERAL |
| Nota general |
Incluye índice alfabético. |
| 504 ## - NOTA DE BIBLIOGRAFÍA, ETC. |
| Nota de bibliografía, etc. |
Incluye referencias bibliográficas p. [215-218]. |
| 534 ## - NOTA SOBRE LA VERSIÓN ORIGINAL |
| Frase introductoria |
Título original: |
| Mención de título del original |
The Silva mind control method. The revolutionary program that´s changed the lives of over half a million people. |
| Publicación, distribución, etc. del original |
New York : simond and Schuster, 1977 |
| 650 #4 - PUNTO DE ACCESO ADICIONAL DE MATERIA--TÉRMINO DE MATERIA |
| Término de materia o nombre geográfico como elemento de entrada |
Autocontrol |
| 9 (RLIN) |
853 |
| 650 #0 - PUNTO DE ACCESO ADICIONAL DE MATERIA--TÉRMINO DE MATERIA |
| Término de materia o nombre geográfico como elemento de entrada |
Mente y cuerpo |
| 9 (RLIN) |
2740 |
| 650 #4 - PUNTO DE ACCESO ADICIONAL DE MATERIA--TÉRMINO DE MATERIA |
| Término de materia o nombre geográfico como elemento de entrada |
Método silva |
| 9 (RLIN) |
50743 |
| 650 #0 - PUNTO DE ACCESO ADICIONAL DE MATERIA--TÉRMINO DE MATERIA |
| Término de materia o nombre geográfico como elemento de entrada |
Psicología |
| 9 (RLIN) |
152 |
| 700 1# - PUNTO DE ACCESO ADICIONAL--NOMBRE DE PERSONA |
| Nombre de persona |
Miele, Philip, |
| 9 (RLIN) |
50744 |
| 700 1# - PUNTO DE ACCESO ADICIONAL--NOMBRE DE PERSONA |
| Nombre de persona |
Guzmán, Emilio E., |
| Término indicativo de función/relación |
tr. |
| 9 (RLIN) |
50745 |
| 856 42 - LOCALIZACIÓN Y ACCESO ELECTRÓNICOS |
| -- |
URL |
| Ruta |
http://dsclick.infospace.com/ClickHandler.ashx?ru=http%3a%2f%2fak.buy.com%2fPI%2f0%2f500%2f30448856.jpg&coi=372380&cop=main-title&c=facemoods.11.err&ap=3&npp=3&p=0&pp=0&pvaid=25d14b2c9e2d42e483d8e54f1e865cdc&ep=3&euip=200.26.174.18&app=1&hash=E1BFE298D3D8966A382E2A32C5CA5CD0 |
| Texto de enlace |
Imagen |